Total destruction of the National Museum of Anthropology = (Registro nro. 39974)
[ vista simple ]
| 000 -LEADER | |
|---|---|
| fixed length control field | 01837cam a2200385 i 4500 |
| 001 - CONTROL NUMBER | |
| control field | 39974 |
| 003 - CONTROL NUMBER IDENTIFIER | |
| control field | Mx-PuUPA |
| 005 - DATE AND TIME OF LATEST TRANSACTION | |
| control field | 20230502140132.0 |
| 008 - FIXED-LENGTH DATA ELEMENTS--GENERAL INFORMATION | |
| fixed length control field | 140415s2017 mx ao r 000 0 mul d |
| 020 ## - INTERNATIONAL STANDARD BOOK NUMBER | |
| International Standard Book Number | 9780986205910 |
| 040 ## - CATALOGING SOURCE | |
| Original cataloging agency | Mx-PuUPA |
| Language of cataloging | spa |
| Transcribing agency | Mx-PuUPA |
| Modifying agency | Mx-PuUPA |
| Description conventions | rda |
| 041 1# - LANGUAGE CODE | |
| Language code of text/sound track or separate title | spa |
| -- | eng |
| 245 10 - TITLE STATEMENT | |
| Title | Total destruction of the National Museum of Anthropology = |
| Remainder of title | Destrucción total del Museo Nacional de Antropología 2012-2016 / |
| Statement of responsibility, etc. | Eduardo Abaroa, Jennifer Burris Staton [editor] ; texts / textos, Mariana Botey, Mariana Botey, James Oles [y otros tres] ; traducciones y transcripciones, Pablo Cordero, Eduardo Abaroa y Jennifer Burris Staton |
| 246 31 - VARYING FORM OF TITLE | |
| Title proper/short title | Destrucción total del Museo Nacional de Antropología 2012-2016 |
| 264 #4 - PRODUCTION, PUBLICATION, DISTRIBUTION, MANUFACTURE, AND COPYRIGHT NOTICE | |
| Place of production, publication, distribution, manufacture | [México] : |
| Name of producer, publisher, distributor, manufacturer | Athénée Press, |
| Date of production, publication, distribution, manufacture, or copyright notice | ©2017 |
| 300 ## - PHYSICAL DESCRIPTION | |
| Extent | 223 páginas : |
| Other physical details | ilustraciones, fotografías ; |
| Dimensions | 31 cm |
| 336 ## - CONTENT TYPE | |
| Fuente | rdacontent |
| Content type term | texto |
| Content type code | txt |
| 337 ## - MEDIA TYPE | |
| Source | rdamedia |
| Media type term | sin medio |
| Media type code | n |
| 338 ## - CARRIER TYPE | |
| Source | rdacarrier |
| Carrier type term | volumen |
| Carrier type code | nc |
| 500 ## - GENERAL NOTE | |
| General note | "Publicada en conjunto con la exhibición individual Tipología del estorbo en el Museo Amparo, Puebla (10 de junio - 2 de octubre, 2017). Curador: Daniel Garza Usabiaga". -- Página legal |
| 650 #7 - SUBJECT ADDED ENTRY--TOPICAL TERM | |
| Topical term or geographic name entry element | Museo Nacional de Antropología |
| Geographic subdivision | México |
| Source of heading or term | armarc |
| 650 #7 - SUBJECT ADDED ENTRY--TOPICAL TERM | |
| Topical term or geographic name entry element | Pueblos indígenas |
| Geographic subdivision | México |
| Source of heading or term | armarc |
| 700 1# - ADDED ENTRY--PERSONAL NAME | |
| Personal name | Abaroa, Eduardo, |
| Relator term | editor |
| 700 1# - ADDED ENTRY--PERSONAL NAME | |
| Personal name | Burris Staton, Jennifer, |
| Relator term | editor |
| 700 1# - ADDED ENTRY--PERSONAL NAME | |
| Personal name | Botey, Mariana, |
| Relator term | autor |
| 9 (RLIN) | 11116 |
| 700 1# - ADDED ENTRY--PERSONAL NAME | |
| Personal name | Botey, Mariana, |
| Relator term | autor |
| 9 (RLIN) | 11116 |
| 700 1# - ADDED ENTRY--PERSONAL NAME | |
| Personal name | Oles, James, |
| Relator term | autor |
| 700 1# - ADDED ENTRY--PERSONAL NAME | |
| Personal name | Cordero, Pablo, |
| Relator term | traductor |
| 700 1# - ADDED ENTRY--PERSONAL NAME | |
| Personal name | Abaroa, Eduardo, |
| Relator term | traductor |
| 700 1# - ADDED ENTRY--PERSONAL NAME | |
| Personal name | Burris Staton, Jennifer, |
| Relator term | traductor |
| 942 ## - ADDED ENTRY ELEMENTS (KOHA) | |
| Source of classification or shelving scheme | Dewey Decimal Classification |
| Koha item type | Libro |
| Classification part | 708 |
| Item part | T717 |
| Withdrawn status | Lost status | Source of classification or shelving scheme | Damaged status | Not for loan | Collection code | Home library | Current library | Shelving location | Date acquired | Source of acquisition | Total Checkouts | Full call number | Barcode | Date last seen | Price effective from | Koha item type |
|---|---|---|---|---|---|---|---|---|---|---|---|---|---|---|---|---|
| Dewey Decimal Classification | Referencia | Biblioteca Karol Wojtyla | Biblioteca Karol Wojtyla | Área de silencio | 11/10/2019 | Donación | 708 T717 2017 | 60005 | 05/01/2026 | 03/12/2013 | Folio |